000 00262nam a22001217a 4500
008 181217b xxu||||| |||| 00| 0 eng d
041 _aeng
080 _a610
100 _a4
101 _aSHM
245 _aStep Up To Medicine
_cSteven.S.A
942 _2udc
_cBK
999 _c53206
_d53206